000 00327 a2200157 4500
001 160467
020 _a
040 _cMagnum
100 _aFrança, Mary
240 1 0 _aVoce sabe guardar segredo ?
_lpor
245 1 0 _aVoce sabe guardar segredo ?
362 0 _a1899
440 1 _aÁtica
697 _aI/GERAL
942 _cBK
999 _c160467
_d160467